La presencia femenina en el Instituto Juárez : 1872-1957 /

Obra que reconstruye el acceso de las mujeres al Instituto Juárez de Durango, antecesor inmediato de la actual Universidad Juárez del Estado de Durango (UJED). Los antecedentes más remotos de la UJED se encuentran en el jesuita y virreinal Colegio de Guadiana. El texto en sentido más amplio da cuent...

Whakaahuatanga katoa

I tiakina i:
Ngā taipitopito rārangi puna kōrero
Kaituhi matua: Valles Salas, Beatriz Elena (autor)
Ētahi atu kaituhi: Corral Raigosa, Beatriz (autor) (autor)
Hōputu: Pukapuka
Reo:Pāniora
I whakaputaina: Durango, México : Universidad Juárez del Estado de Durango, Instituto de Investigaciones Históricas, 2014, c2014
Rangatū:(Género UJED)
Ngā marau:
Ngā Tūtohu: Tāpirihia he Tūtohu
Kāore He Tūtohu, Me noho koe te mea tuatahi ki te tūtohu i tēnei pūkete!

MARC

LEADER 00000nam^a2200000^a^4500
001 000365363
005 20250521000000.0
008 160127 20142014
009 20260310115642.07
020 |a 978-607-503-153-8 
037 |a Acervo ITESO - Biblioteca 
041 |a ESP 
082 |a 378. 72152  |b VAL 
100 |a Valles Salas, Beatriz Elena  |e (autor) 
245 1 3 |a La presencia femenina en el Instituto Juárez :  |b 1872-1957 /  |c B.E. Valles Salas, B. Corral Raigosa. 
264 4 |a Durango, México :  |b Universidad Juárez del Estado de Durango, Instituto de Investigaciones Históricas,  |c 2014, c2014 
300 |a 229 p. 
336 |a texto  |b txt  |2 rdacontenido 
337 |a sin mediación  |b n  |2 rdamedio 
338 |a volumen  |b nc  |2 rdasoporte 
440 1 |a (Género UJED) 
520 |a Obra que reconstruye el acceso de las mujeres al Instituto Juárez de Durango, antecesor inmediato de la actual Universidad Juárez del Estado de Durango (UJED). Los antecedentes más remotos de la UJED se encuentran en el jesuita y virreinal Colegio de Guadiana. El texto en sentido más amplio da cuenta en general de la incorporación de la mujer a la escuela en la ciudad y el estado. 
649 |a XX 
650 |a Mujeres -  |z Durango -  |x Condiciones Sociales y Culturales 
650 |a Mujeres -  |z Durango -  |x Historia -  |y Siglo XIX 
650 |a Mujeres -  |z Durango -  |x Historia -  |y Siglo XX 
650 |a Mujeres -  |z México -  |x Condiciones Sociales y Culturales 
650 |a Mujeres -  |z México -  |x Historia -  |y Siglo XIX 
650 |a Mujeres -  |z México -  |x Historia -  |y Siglo XX 
650 |a Alumnos -  |z Durango -  |x Condiciones Sociales y Culturales 
650 |a Alumnos -  |z Durango -  |x Historia -  |y Siglo XIX 
650 |a Alumnos -  |z Durango -  |x Historia -  |y Siglo XX 
650 |a Alumnos -  |z México -  |x Condiciones Sociales y Culturales 
650 |a Alumnos -  |z México -  |x Historia -  |y Siglo XIX 
650 |a Alumnos -  |z México -  |x Historia -  |y Siglo XX 
650 |a Universidad Juárez del Estado de Durango -  |x Historia -  |x Tema Principal 
650 |a Género -  |z Durango -  |x Tema Principal 
650 |a Género -  |z México 
650 |a Acceso a la Educación -  |z Durango 
650 |a Acceso a la Educación -  |z México 
650 |a Educación Superior -  |z Durango 
650 |a Educación -  |z México 
650 |a Durango -  |x Condiciones Sociales y Culturales 
650 |a Durango -  |x Historia 
650 |a México -  |x Condiciones Sociales y Culturales 
650 |a México -  |x Historia 
700 |a Corral Raigosa, Beatriz  |e (autor) 
910 |a Fondo General 
920 |a Impresos - Libros 
930 |a Colección General 
905 |a 101 
901 |a 0500259179  |b IT1  |c ACC  |i C70589  |u 20250521 
902 |a https://opac.biblio.iteso.mx/vufind/Record/000365363